Typing Marathon: 1 Corinthians 13 Quiz Stats

 Plays Quiz Updated May 16, 2015

Also try: The Beatitudes
Challenge
Share
Tweet
Embed
Score 0/274 Timer 04:00
3 Plays Today
What to type... Here! % Correct
IfIf
99.8%
II
99.4%
speakspeak
98.8%
inin
98.3%
thethe
98.1%
tonguestongues
97.4%
ofof
97.1%
menmen
97%
oror
96.7%
ofof
96.6%
angels,angels,
96.3%
butbut
96%
dodo
95.8%
notnot
95.8%
havehave
95.7%
love,love,
95.6%
II
95.4%
amam
95.4%
onlyonly
95.2%
aa
95%
resoundingresounding
94.6%
gonggong
94.6%
oror
94.4%
aa
94.3%
clangingclanging
94.1%
cymbal.cymbal.
94%
IfIf
93.7%
II
93.6%
havehave
93.5%
thethe
93.4%
giftgift
93.2%
ofof
93.1%
prophecyprophecy
92.8%
andand
92.6%
cancan
92.5%
fathomfathom
92.4%
allall
92.3%
mysteriesmysteries
92.1%
andand
92.1%
allall
92%
knowledge,knowledge,
91.8%
andand
91.7%
ifif
91.7%
II
91.7%
havehave
91.6%
aa
91.6%
faithfaith
91.4%
thatthat
91.3%
cancan
91.3%
movemove
91.2%
mountains,mountains,
91.1%
butbut
91%
dodo
91%
notnot
91%
havehave
91%
love,love,
91%
II
90.9%
amam
90.9%
nothing.nothing.
90.8%
IfIf
90.7%
II
90.7%
givegive
90.6%
allall
90.6%
II
90.6%
possesspossess
90.5%
toto
90.4%
thethe
90.4%
poorpoor
90.3%
andand
90.3%
givegive
90.2%
overover
90.1%
mymy
90.1%
bodybody
90%
toto
90%
hardshiphardship
89.8%
thatthat
89.8%
II
89.8%
maymay
89.7%
boast,boast,
89.7%
butbut
89.6%
dodo
89.6%
notnot
89.5%
havehave
89.5%
love,love,
89.4%
II
89.3%
gaingain
89.3%
nothing.nothing.
89.2%
LoveLove
89.1%
isis
89.1%
patient,patient,
88.9%
lovelove
88.9%
kind.kind.
88.9%
What to type... Here! % Correct
isis
88.9%
ItIt
88.8%
doesdoes
88.8%
notnot
88.7%
envy,envy,
88.6%
itit
88.6%
doesdoes
88.5%
notnot
88.4%
boast,boast,
88.4%
itit
88.3%
isis
88.3%
notnot
88.2%
proud.proud.
88.2%
ItIt
88.1%
doesdoes
88%
notnot
88%
dishonordishonor
87.8%
others,others,
87.6%
itit
87.6%
isis
87.5%
notnot
87.4%
self-seeking,self-seeking,
87.1%
itit
87%
isis
86.9%
notnot
86.8%
easilyeasily
86.6%
angered,angered,
86.5%
itit
86.4%
keepskeeps
86.2%
nono
86.1%
recordrecord
85.9%
ofof
85.9%
wrongs.wrongs.
85.7%
LoveLove
85.6%
doesdoes
85.5%
notnot
85.3%
delightdelight
85.2%
inin
85.2%
evilevil
85.1%
butbut
85%
rejoicesrejoices
84.6%
withwith
84.5%
thethe
84.4%
truth.truth.
84.2%
ItIt
84.1%
alwaysalways
83.9%
protects,protects,
83.6%
alwaysalways
83.3%
trusts,trusts,
83%
alwaysalways
82.8%
hopes,hopes,
82.6%
alwaysalways
82.3%
perseveres.perseveres.
81.3%
LoveLove
81.2%
nevernever
81%
fails.fails.
80.8%
ButBut
80.6%
wherewhere
80.3%
therethere
80.1%
areare
80%
prophecies,prophecies,
79.1%
theythey
79%
willwill
78.7%
cease;cease;
78.4%
wherewhere
78.1%
therethere
77.7%
areare
77.4%
tongues,tongues,
77%
theythey
76.8%
willwill
76.5%
bebe
76.3%
stilled;stilled;
75.8%
wherewhere
75.3%
therethere
74.9%
isis
74.6%
knowledge,knowledge,
73.8%
itit
73.6%
willwill
73.3%
passpass
73%
away.away.
72.6%
ForFor
72.2%
wewe
71.9%
knowknow
71.5%
inin
71.2%
partpart
70.8%
andand
70.4%
wewe
70.2%
prophesyprophesy
69%
inin
68.8%
part,part,
68.3%
butbut
68%
whenwhen
67.6%
What to type... Here! % Correct
completenesscompleteness
65.9%
comes,comes,
65.3%
whatwhat
64.8%
isis
64.5%
inin
64.2%
partpart
63.8%
disappears.disappears.
62.2%
WhenWhen
61.9%
II
61.8%
waswas
61.5%
aa
61.2%
child,child,
60.7%
II
60.4%
talkedtalked
59.5%
likelike
59%
aa
58.8%
child,child,
58.1%
II
57.7%
thoughtthought
57%
likelike
56.5%
aa
56.4%
child,child,
55.7%
II
55.5%
reasonedreasoned
54.4%
likelike
53.8%
aa
53.6%
child.child.
53%
WhenWhen
52.3%
II
52%
becamebecame
51%
aa
50.8%
man,man,
50.3%
II
50.1%
putput
49.6%
thethe
49%
waysways
48.4%
ofof
48.1%
childhoodchildhood
46.8%
behindbehind
46%
me.me.
45.8%
ForFor
45.3%
nownow
44.6%
wewe
44.1%
seesee
43.5%
onlyonly
43%
aa
42.6%
reflectionreflection
41.4%
asas
41%
inin
40.6%
aa
40.4%
mirror;mirror;
39.6%
thenthen
39.1%
wewe
38.7%
shallshall
38.1%
seesee
37.6%
faceface
37%
toto
36.7%
face.face.
36.2%
NowNow
35.7%
II
35.5%
knowknow
34.8%
inin
34.5%
part;part;
33.9%
thenthen
33.3%
II
33.1%
shallshall
32.5%
knowknow
32%
fully,fully,
31.4%
eveneven
31%
asas
30.6%
II
30.4%
amam
30%
fullyfully
29.5%
known.known.
28.9%
AndAnd
28.5%
nownow
28.1%
thesethese
27.6%
threethree
26.9%
remain:remain:
26.2%
faith,faith,
25.5%
hopehope
25.1%
andand
24.8%
love.love.
24.4%
ButBut
24.1%
thethe
23.7%
greatestgreatest
22.9%
ofof
22.7%
thesethese
22.2%
isis
22%
love.love.
21.8%

You're not logged in!

Compare scores with friends on all Sporcle quizzes.
OR
Log In

You Might Also Like...

Show Comments

Extras

Top Quizzes Today


Score Distribution

Your Account Isn't Verified!

In order to create a playlist on Sporcle, you need to verify the email address you used during registration. Go to your Sporcle Settings to finish the process.

Report this User

Report this user for behavior that violates our Community Guidelines.

Details: